[Event "2024 New Zealand Championship"]
[Site "Palmerston North NZL"]
[Date "2024.01.05"]
[Round "4.11"]
[White "Fulo, Nunilon III"]
[Black "McDougall, Euan"]
[Result "1-0"]
[WhiteElo "2180"]
[BlackElo "1988"]

1. e4 c5 2. Nf3 Nc6 3. d4 cxd4 4. Nxd4 e6 5. Nc3 a6 6. Be3 Qc7 7. a3 Nf6 8. Be2
Bd6 9. Qd2 Qb8 10. O-O-O Bc7 11. Nb3 b5 12. f4 b4 13. axb4 Nxb4 14. e5 Nfd5 15.
Nxd5 Nxd5 16. Bc5 f6 17. Bf3 Ne7 18. Bxa8 Qxa8 19. exf6 gxf6 20. g3 Qc6 21.
Rhe1 a5 22. Qc3 Rf8 23. Nxa5 Bxa5 24. Qxa5 Ba6 25. Rd6 Qg2 26. Rxa6 Kf7 27. Qd2
Qb7 28. Ra7 Ra8 29. Rxa8 Qxa8 30. Qxd7 Qa1+ 31. Kd2 Qa5+ 32. b4 1-0

[Event "2024 New Zealand Championship"]
[Site "Palmerston North NZL"]
[Date "2024.01.05"]
[Round "4.12"]
[White "Carpinter, Anthony L"]
[Black "Forster, William"]
[Result "1-0"]
[WhiteElo "2174"]
[BlackElo "1983"]

1. Nf3 g6 2. d4 Nf6 3. Nc3 Bg7 4. e4 d6 5. h3 O-O 6. Be3 e5 7. dxe5 dxe5 8. Bc4
Nbd7 9. Qd2 c6 10. a4 Qc7 11. O-O Re8 12. Ng5 Re7 13. Rad1 Nf8 14. Bc5 Rd7 15.
Bd6 Qd8 16. f4 exf4 17. Nxf7 Rxf7 18. Bxf7+ Kxf7 19. e5 Qb6+ 20. Kh2 Nd5 21.
Nxd5 cxd5 22. Qxd5+ Be6 23. Rxf4+ Kg8 24. Rxf8+ Bxf8 25. Qxe6+ Kh8 26. Qf7 Bg7
27. e6 Qe3 28. e7 Rc8 29. Bf4 1-0

[Event "2024 New Zealand Championship"]
[Site "Palmerston North NZL"]
[Date "2024.01.05"]
[Round "4.13"]
[White "Langford, Joshua"]
[Black "Xu, Luna Yuexiu"]
[Result "1-0"]
[WhiteElo "2144"]
[BlackElo "1768"]

1. e4 c5 2. Nf3 d6 3. d4 cxd4 4. Nxd4 Nf6 5. Nc3 a6 6. f3 e5 7. Nb3 Be6 8. Be3
Be7 9. Qd2 Nbd7 10. g4 b5 11. O-O-O O-O 12. g5 b4 13. Ne2 Ne8 14. f4 a5 15. f5
a4 16. fxe6 axb3 17. cxb3 Rxa2 18. exd7 Nc7 19. Bh3 Qb8 20. Kb1 Qa8 21. Qxb4
Rb8 22. Qc4 Ra6 23. Rhf1 Rf8 24. Nc3 Rc6 25. Qd3 Rb8 26. Nd5 Bd8 27. Nxc7 Rxc7
28. Rc1 Rcb7 29. Qd5 Bc7 30. Qxf7+ Kh8 31. Be6 1-0

[Event "2024 New Zealand Championship"]
[Site "Palmerston North NZL"]
[Date "2024.01.05"]
[Round "4.15"]
[White "Lu, Xiahan (Luna)"]
[Black "Zhang, Kendrick Botong"]
[Result "0-1"]
[WhiteElo "1749"]
[BlackElo "2099"]

1. d4 Nf6 2. c4 e6 3. Nc3 Bb4 4. e3 b6 5. Bd2 Bb7 6. Nf3 Bxc3 7. Bxc3 Ne4 8.
Bb4 d6 9. Bd3 O-O 10. O-O f5 11. Nd2 Nxd2 12. Qxd2 Nd7 13. f3 c5 14. Bc3 e5 15.
Qc2 g6 16. Rae1 Qc7 17. d5 Rae8 18. e4 f4 19. Qf2 Nf6 20. Qh4 Kg7 21. g3 Nh5
22. g4 Nf6 23. Qf2 g5 24. h4 gxh4 25. Qxh4 h6 26. g5 hxg5 27. Qxg5+ Kf7 28. Kf2
Rg8 29. Qh4 Rh8 30. Qxh8 Rxh8 31. Rh1 Rxh1 32. Rxh1 Kg6 33. Rg1+ Kh6 34. Ke2
Nh5 35. Be1 Qd7 36. Rg4 Qa4 37. a3 Ba6 0-1

[Event "2024 New Zealand Championship"]
[Site "Palmerston North NZL"]
[Date "2024.01.05"]
[Round "4.16"]
[White "Qin, Oscar Shu Xuan"]
[Black "Baker, Ilias Angelo (Leo)"]
[Result "1-0"]
[WhiteElo "2066"]
[BlackElo "1922"]

1. e4 Nf6 2. e5 Nd5 3. c4 Nb6 4. d4 d6 5. f4 dxe5 6. fxe5 Bf5 7. Nc3 e6 8. Nf3
Nc6 9. Be3 Bb4 10. Qd2 Na5 11. b3 c5 12. dxc5 Qxd2+ 13. Bxd2 Nd7 14. Nb5 Bxd2+
15. Kxd2 O-O 16. Bd3 Bxd3 17. Kxd3 Nc6 18. Rhe1 Rfd8 19. Kc3 Nxc5 20. Rad1 Ne4+
21. Kb2 Nf2 22. Rxd8+ Rxd8 23. Kb1 h6 24. a3 a6 25. Nc3 g5 26. h3 Kg7 27. Kc2
Nd3 28. Re3 Nf4 29. g3 Nxh3 30. b4 g4 31. Nh4 Ng5 32. Ne2 Nd4+ 33. Kc3 Ndf3 34.
Nf4 Nxh4 35. gxh4 Nf3 36. h5 Rd4 37. Nd3 Rd7 38. Re4 Kf8 39. Rf4 Ke7 40. Nc5
Rc7 41. Nd3 Rd7 42. Nc5 Nxe5 43. Nxd7 Kxd7 44. Kd4 Nf3+ 45. Kc5 f5 46. Kb6 Kc8
47. b5 axb5 48. cxb5 Ne5 49. Rf1 Nd3 50. Rd1 g3 51. Rxd3 f4 52. Rc3+ Kd8 53.
Kxb7 g2 54. Rc8+ Kd7 55. Rg8 f3 56. b6 f2 57. Rxg2 f1=Q 58. Rd2+ Ke7 59. Rc2
Qf3+ 60. Kb8 Qxa3 61. b7 Qa5 62. Rc7+ Kd6 63. Rd7+ Kc6 64. Rh7 Qd8+ 65. Ka7
Qa5+ 66. Kb8 {black ran out of time} 1-0

[Event "2024 New Zealand Championship"]
[Site "Palmerston North NZL"]
[Date "2024.01.05"]
[Round "4.17"]
[White "Timergazi, Layla"]
[Black "Van Meter, Lester"]
[Result "0-1"]
[WhiteElo "2144"]
[BlackElo "1810"]

1. d4 c5 2. d5 Nf6 3. c4 e6 4. Nc3 exd5 5. cxd5 d6 6. e4 g6 7. Nf3 Bg7 8. Bd3
O-O 9. h3 Re8 10. O-O Nbd7 11. Re1 a6 12. a4 Ne5 13. Nxe5 Rxe5 14. Bf4 Re8 15.
Qd2 b6 16. Bh2 Bb7 17. Rac1 Rc8 18. Nb1 b5 19. axb5 axb5 20. Bxb5 Rxe4 21. Rxe4
Nxe4 22. Qd3 f5 23. Nc3 Qg5 24. Rd1 Bd4 25. Nxe4 fxe4 26. Qxe4 Bxd5 27. Qg4
Qxg4 28. hxg4 Rb8 29. Bf1 Rxb2 30. Bxd6 Bb3 31. Rc1 Rxf2 32. Kh2 Rc2 33. Rb1 c4
34. Re1 Bf6 35. Be2 Bc3 36. Bxc4+ Bxc4 37. Re8+ Kf7 38. Re7+ Kf6 39. g5+ Kxg5
40. Rxh7 Bd5 41. Rc7 Kg4 0-1

[Event "2024 New Zealand Championship"]
[Site "Palmerston North NZL"]
[Date "2024.01.05"]
[Round "4.18"]
[White "Sun, Wanyao Sarah"]
[Black "Liu, William Rui"]
[Result "1/2-1/2"]
[WhiteElo "1782"]
[BlackElo "2063"]

1. e4 c5 2. Nf3 Nc6 3. d4 cxd4 4. Nxd4 e5 5. Nb5 d6 6. c4 Be7 7. Be3 a6 8. N5c3
Nf6 9. Nd2 O-O 10. Be2 Be6 11. O-O Rc8 12. Nd5 Bxd5 13. exd5 Nb8 14. Rc1 Nbd7
15. f3 h6 16. Ne4 Ne8 17. f4 exf4 18. Bxf4 f5 19. Nd2 Qb6+ 20. Kh1 Qxb2 21. Rb1
Qxa2 22. Rxb7 Rc7 23. Rxc7 Nxc7 24. Qe1 Qb2 25. Bd3 Rf7 26. h3 Bf8 27. Qg3 Kh8
28. Be3 Ne5 29. Rxf5 Rxf5 30. Bxf5 Ne8 31. Qh4 Qc3 32. Qd4 Qxd4 33. Bxd4 Nf7
34. Bg6 Kg8 35. Ne4 Nc7 36. Bb6 Na8 37. c5 dxc5 38. Bxc5 Bxc5 39. Nxc5 Nb6 40.
Bxf7+ Kxf7 41. Nxa6 Nxd5 42. Nc5 Kf6 43. Kh2 Kf5 44. g4+ Kf6 45. Kg3 g5 46. h4
gxh4+ 47. Kxh4 Ne3 48. Kh5 Nxg4 49. Kxg4 h5+ 50. Kxh5 1/2-1/2

[Event "2024 New Zealand Championship"]
[Site "Palmerston North NZL"]
[Date "2024.01.05"]
[Round "4.19"]
[White "Metge, J Nigel"]
[Black "Thurner, Anya"]
[Result "1-0"]
[WhiteElo "2016"]
[BlackElo "1845"]

1. e4 e5 2. Nf3 Nc6 3. Bb5 a6 4. Ba4 Nf6 5. O-O b5 6. Bb3 Bc5 7. a4 Rb8 8. c3
d6 9. d4 Bb6 10. a5 Ba7 11. Be3 Ra8 12. h3 Bb7 13. Nbd2 h6 14. Re1 O-O 15. Nf1
Ne7 16. Ng3 Ng6 17. Qd2 Kh7 18. Bc2 c5 19. d5 c4 20. Nf5 Bxe3 21. Qxe3 Qc7 22.
g3 Nd7 23. h4 Nc5 24. h5 Ne7 25. g4 f6 26. N3h4 Rfd8 27. f4 Bc8 28. fxe5 fxe5
29. g5 Nxf5 30. Nxf5 hxg5 31. Qxg5 Bxf5 32. exf5 Qf7 33. f6+ Kh8 34. Rf1 Nd7
35. Bg6 Qf8 36. fxg7+ Qxg7 37. Rf7 Qxf7 38. Qh6+ 1-0

[Event "2024 New Zealand Championship"]
[Site "Palmerston North NZL"]
[Date "2024.01.05"]
[Round "4.20"]
[White "Yu, Weiyang (Cadence)"]
[Black "Zhu, David Junyang"]
[Result "0-1"]
[WhiteElo "1766"]
[BlackElo "1964"]

1. e4 e5 2. Nf3 Nc6 3. Nc3 Nf6 4. d4 exd4 5. Nxd4 Bb4 6. Nxc6 bxc6 7. Bd3 d5 8.
exd5 cxd5 9. O-O O-O 10. h3 h6 11. Qf3 Bb7 12. Bf4 Bd6 13. Rfe1 a6 14. Rad1 Rb8
15. Bxd6 Qxd6 16. Ne2 Rfe8 17. Qg3 Qb6 18. b3 Qa5 19. Rf1 Ne4 20. Bxe4 Rxe4 21.
Nd4 Kh7 22. f3 Ree8 23. Rfe1 g6 24. f4 c5 25. Nf3 Qxa2 26. Rd2 Qa5 27. Rde2
Rxe2 28. Rxe2 Qa1+ 29. Kh2 Qf6 30. Ne5 Qf5 31. Qf2 Re8 32. g4 Qe6 33. g5 d4 34.
b4 Qd5 35. Re1 Qe6 36. bxc5 Bc8 37. Qh4 Qf5 38. Qxh6+ Kg8 39. Qh4 Qxc2+ 40. Kg1
Qxc5 41. Ng4 Rxe1+ 42. Qxe1 d3+ 43. Kh1 Bxg4 44. hxg4 Qd4 45. f5 Qd5+ 46. Kg1
gxf5 47. gxf5 Qxf5 48. Qd2 Qg4+ 49. Kh1 Qe2 50. Qb4 Qh5+ 51. Kg1 Qxg5+ 52. Kh1
d2 0-1

[Event "2024 New Zealand Championship"]
[Site "Palmerston North NZL"]
[Date "2024.01.05"]
[Round "4.21"]
[White "Malcolm, Leo"]
[Black "Praveen, Jeeva"]
[Result "0-1"]
[WhiteElo "1894"]
[BlackElo "1640"]

1. e4 Nf6 2. Nc3 d5 3. e5 Nfd7 4. d4 c5 5. e6 fxe6 6. Nf3 g6 7. dxc5 Bg7 8. Nd4
Qa5 9. Nxe6 Bxc3+ 10. bxc3 Qxc3+ 11. Bd2 Qe5+ 12. Be2 Qxe6 13. O-O O-O 14. Bh6
Rd8 15. Bg4 Qf7 16. f4 Nf6 17. Bxc8 Rxc8 18. f5 Nc6 19. Rb1 Kh8 20. Rb3 gxf5
21. g4 Nxg4 22. Bc1 Rg8 23. Kh1 Qh5 24. Qd2 e5 25. Rxb7 Qh3 26. Rxf5 Nxh2 27.
Qa5 Qg2# 0-1

[Event "2024 New Zealand Championship"]
[Site "Palmerston North NZL"]
[Date "2024.01.05"]
[Round "4.22"]
[White "Braganza, Nadia"]
[Black "Gan, Emily Cathay"]
[Result "0-1"]
[WhiteElo "2029"]
[BlackElo "1817"]

1. c4 Nf6 2. g3 g6 3. Bg2 Bg7 4. Nc3 O-O 5. d4 d6 6. h3 e5 7. Nf3 Nc6 8. O-O
exd4 9. Nxd4 Nxd4 10. Qxd4 Re8 11. Qd3 Nd7 12. e4 Ne5 13. Qe2 Be6 14. Nd5 f5
15. exf5 Bxf5 16. Rd1 Qd7 17. Ne3 Bxh3 18. Bxb7 Rab8 19. Bd5+ Kh8 20. Qc2 Rf8
21. Bd2 Ng4 22. Nxg4 Rxb2 23. Qd3 Bxg4 24. Bc3 Rbxf2 25. Rf1 Rxf1+ 26. Rxf1
Rxf1+ 27. Kxf1 Bxc3 28. Qxc3+ Qg7 29. Qxg7+ Kxg7 30. Kf2 Kf6 31. Ke3 Ke5 32.
Bg8 Be6 33. Bxh7 Kf6 0-1

[Event "2024 New Zealand Championship"]
[Site "Palmerston North NZL"]
[Date "2024.01.05"]
[Round "4.23"]
[White "Wang, Justin Zhide"]
[Black "Weng, Winston"]
[Result "1/2-1/2"]
[WhiteElo "1901"]
[BlackElo "1981"]

1. d4 d5 2. Bf4 c5 3. c3 Nc6 4. e3 cxd4 5. exd4 f6 6. Nf3 g5 7. Bg3 Bf5 8. Bd3
Bxd3 9. Qxd3 Bg7 10. O-O e6 11. Re1 Qd7 12. Na3 a6 13. Qe3 Kf7 14. c4 Nge7 15.
c5 Nf5 16. Qd3 g4 17. Nh4 Ncxd4 18. Nxf5 Nxf5 19. Rad1 Qc6 20. Qe2 h5 21. b4 e5
22. Nc2 Rad8 23. h4 Rhe8 24. Qd3 e4 25. Qb3 Kg6 26. Ne3 Nxe3 27. fxe3 f5 28.
Bd6 Bf8 29. Bxf8 Rxf8 30. g3 Rd7 31. Rd4 Rfd8 32. Rc1 Kf6 33. a4 b5 34. a5 Ke5
35. Rf1 Rf8 36. Rf4 1/2-1/2

[Event "2024 New Zealand Championship"]
[Site "Palmerston North NZL"]
[Date "2024.01.05"]
[Round "4.25"]
[White "McDonald, Duncan"]
[Black "Rowe, Abigail"]
[Result "1-0"]
[WhiteElo "1873"]
[BlackElo "1610"]

1. e4 c5 2. c3 d5 3. exd5 Qxd5 4. d4 Nc6 5. Nf3 Bf5 6. Bb5 a6 7. Bxc6+ bxc6 8.
Be3 cxd4 9. cxd4 e6 10. O-O Nf6 11. Nc3 Qa5 12. Ne5 Rc8 13. Qf3 Nd5 14. Rac1
Qd8 15. Nxd5 cxd5 16. Rxc8 Qxc8 17. Nxf7 Kxf7 18. g4 g6 19. gxf5 gxf5 20. Qh5+
Ke7 21. Bg5+ Kd7 22. Qf7+ Kd6 23. Bf4+ 1-0